00973nam a2200253Ia 4500008004100000020001700041040001400058082001900072100005000091245005500141260005700196300001000253365002600263366000800289505002200297530003000319620007900349630005500428650001500483730005500498942000900553999001900562952013800581100315s9999 xx 000 0 und d a1557759502  cENGLISH  b10163 a330  a"Itam, Samuel, Cueva, simon, Lundback, Erik " aDevelopments and Challenges in the Caribean Region aWASHINGTON bInternational Monetary Fund  c2000  a59   eRupees d1 b0.00  f0  gVaibhav Gaikwad  bDonated By RBI Library   a"Developments and Challenges in the Caribean Region, Economic, RBI Book " aDevelopments and Challenges in the Caribean Region aECONOMIC  aDevelopments and Challenges in the Caribean Region cBOOK c484897d484894 00104070aVPMBRIMSbVPMBRIMSd2009-07-04g0.00l0o330 /ITA/CUE  10163 pVPMBRIMS-10163 r2010-03-19 00:00:00w2010-03-19yBOOK